[Event "Biel MTO op 42nd"]
[Site "Biel"]
[Date "2009.07.28"]
[Round "8"]
[White "Kritz, Leonid"]
[Black "Grachev, Boris V"]
[Result "1/2-1/2"]
[WhiteElo "2589"]
[BlackElo "2669"]
[Annotator "Kritz,L"]
[PlyCount "65"]
[EventDate "2009.07.20"]
[EventType "swiss"]
[EventRounds "11"]
[EventCountry "SUI"]
[SourceTitle "CBM 131 Extra"]
[Source "ChessBase"]
[SourceDate "2009.09.03"]
[SourceVersion "2"]
[SourceVersionDate "2009.09.16"]
[SourceQuality "1"]

1. e4 e6 2. d4 d5 3. Nc3 dxe4 {Die Rubinstein-Variante ist die Spezialität des
deutschen Großmeisters Georg Meier. Die Tabellensituation sah zu diesem
Zeitpunkt so aus, dass mein Gegner das Turnier mit einem Punkt Vorsprung
anführte und dazu noch die zweite Partie infolge mit Schwarz spielte, also
reichte ihm ein Remis aus, um einen Bärenschritt in Richtung des Turniersiegs
zu machen.} 4. Nxe4 Nd7 5. Nf3 Ngf6 6. Nxf6+ Nxf6 7. c3 {Meiner Meinung nach
ist das die prinzipiellste Fortsetzung. Alternativen sind:} (7. Bg5 h6 8. Be3 (
8. Bxf6 Qxf6 9. Bb5+ c6 10. Bd3 Bd6 11. Qe2 Bd7 12. O-O-O O-O-O 13. Kb1 Kb8 14.
Rhe1 Bc8 $11 {Schwarz steht etwas passiv, hat aber keine einzige Schwäche, die
Weiß effektiv angreifen könnte.}) 8... Nd5 9. Qd2 Bd6 10. O-O-O Qe7 11. Ne5 Bd7
12. f4 Bxe5 13. dxe5 Nxe3 14. Qxe3 Bc6 $11 {und wieder erreicht Schwarz
völligen Ausgleich.}) (7. Bd3 c5 8. dxc5 Bxc5 9. O-O (9. Qe2 O-O 10. Bg5 h6 11.
Bh4 Qa5+ 12. c3 Nd5 $132) 9... O-O 10. Bg5 b6 11. Qe2 Bb7 12. Rad1 Qc7 13. Bxf6
gxf6 14. Be4 Rfd8 15. Bxb7 Qxb7 16. c3 {Weiß hat einen symbolischen Vorteil,
den er jedoch konkret nicht umsetzen kann.} Qc7 17. g3 Rxd1 18. Rxd1 Rd8 $11 {
Anand - Gelfand (Monte Carlo, 2007)}) (7. g3 $6 {macht keinen Sinn, weil
Schwarz seinen weißfeldrigen Läufer ebenfalls fianchettieren kann.} b6 8. Bg2
Bb7 9. O-O Be7 10. c4 O-O 11. b3 a5 12. Bb2 a4 $11 {und Schwarz hatte nichts
zu befürchten in Shirov - Anand (Mainz, 2004)}) 7... c5 (7... Be7 $6 {ist zu
langsam, weil Schwarz nicht mehr so gut zum Befreiungsvorstoß c5 kommen kann.}
8. Bd3 O-O 9. O-O b6 10. Qe2 Bb7 11. Bf4 c5 12. dxc5 {Und nun muss Schwarz mit
dem Bauern nehmen, weil ansonsten seine Dame keine guten Felder hat.} bxc5 (
12... Bxc5 13. Rfd1 $16 Qe7 $4 14. b4 $18) 13. Rfd1 $14 {Efimenko - Roiz 
(Sochi, 2006). Der Vorteil von Weiß basiert auf der schlechten Bauerstruktur
von Schwarz am Damenflügel.}) 8. Ne5 ({Nach} 8. Be3 Qc7 9. Ne5 a6 {geht die
Stellung zu der Partievariante über.}) 8... a6 {Man muss das Schach von b5
verhindern.} ({Sehr schlecht ist} 8... Be7 $2 9. Bb5+ Bd7 10. Nxd7 Nxd7 11.
dxc5 Bxc5 12. O-O $16 {Weiß hat die bessere Entwicklung plus das Läuferpaar.})
9. Be3 Qc7 (9... cxd4 10. Bxd4 Qc7 11. Bd3 Bc5 12. Bxc5 Qxc5 (12... Qxe5+ 13.
Be3 Nd5 14. Qa4+ Bd7 15. Qd4 Qxd4 16. Bxd4 $14 {Motylev - Lysyj (Tomsk, 2006).
Weiß hat einen kleinen aber stabilen Vorteil dank seinem Läuferpaar.}) 13. Qe2
b6 14. O-O-O Bb7 15. Rhg1 Ke7 16. f4 $16 {Die weiße Initiative führte zum
eindrucksvollen Sieg in Efimenko - Vaganian (Bremen, 2005)}) 10. Qa4+ Nd7 ({
Eine durchaus spielbare Alternative ist} 10... Bd7 11. Nxd7 Nxd7 (11... Qxd7
12. Qxd7+ Nxd7 13. O-O-O cxd4 14. Bxd4 O-O-O 15. Bd3 $14) {Aber auch hier hat
Weiß nach} 12. g3 O-O-O 13. Bg2 Nb6 14. Qb3 $1 {bessere Chancen in allen
Abspielen:} Nd5 (14... Kb8 15. O-O Bd6 16. a4 c4 17. Qc2 Nd5 18. Bd2 h5 19. b3
$14 {Bologan - Al Modiahki (Moscow, 2006)}) 15. Bg5 Be7 (15... Rd7 16. O-O cxd4
17. cxd4 Kb8 18. Bd2 Be7 19. Rac1 Qd6 20. Rc4 Rc8 21. Rxc8+ Kxc8 22. Qc2+ Kb8
23. Qxh7 $16) 16. Bxe7 Nxe7 17. O-O cxd4 18. cxd4 Rxd4 19. Rac1 Nc6 20. Bxc6
bxc6 21. Rc3 Rhd8 22. Qc2 R8d6 23. Qxh7 $16 {Svidler - Vaisser (Asnieres sur
Seine, 2006)}) 11. Bb5 ({Wenig bringt die Fortsetzung} 11. O-O-O cxd4 12. Nxd7
Bxd7 (12... Qxd7 13. Qc2 $14) 13. Qxd4 Bc6 14. Bc4 Rd8 15. Qg4 h5 16. Rxd8+
Qxd8 17. Qg3 Qd6 $11 {Anand - Bareev (Monte Carlo, 2004)}) 11... cxd4 (11...
Bd6 $2 {verliert den Bauern.} 12. Bxd7+ Bxd7 13. Qxd7+ Qxd7 14. Nxd7 Kxd7 15.
dxc5 $18) 12. Bxd7+ (12. Nxd7 $6 Bxd7 13. Bxd7+ Qxd7 14. Qxd7+ Kxd7 15. Bxd4 f6
16. O-O-O Kc6 $11 {Schwarz hat sehr leicht ausgeglichen.}) 12... Bxd7 13. Qxd4
Bb5 ({Ein anderes Endspiel, das jedoch auch schlechter für Schwarz ist,
entsteht nach} 13... f6 14. Nxd7 Qxd7 15. Qxd7+ Kxd7 16. O-O-O+ Kc7 (16... Kc6
17. Rd4 b5 (17... Bc5 18. Rc4 b6 19. Bxc5 bxc5 (19... b5 20. Re4 $18) 20. b4
$18) 18. Rhd1 Be7 19. Rd7 Rhe8 20. b3 $16 {Dominguez Perez - Nogueiras
Santiago (Havana, 2008). Schwarz steht viel zu passiv.}) 17. a4 (17. Rd4 Rd8
18. Rc4+ Kb8 19. Bb6 Rd5 20. Re1 e5 21. Rd1 Rxd1+ 22. Kxd1 Bd6 $11) 17... a5
18. Rd4 Ra6 19. Rhd1 Rd6 20. Rxd6 Bxd6 21. Bb6+ Kc6 22. Bxa5 Ra8 23. b4 $14 {
Almasi - Meier (Mainz, 2007)}) 14. a4 Bd6 15. Nxf7 ({Keinen Vorteil bringt} 15.
axb5 Bxe5 16. Qa4 {weil Weiß nach} O-O 17. b6 Qe7 18. O-O Rad8 19. Rad1 Rxd1
20. Rxd1 Rd8 $11 {Korneev - Meier (Chalons en Champagne, 2009). keinen Vorteil
aus seinem weit vorgerückten Bauern b6 ziehen kann.}) 15... Kxf7 16. axb5 axb5
17. Ke2 {Wir sind zwar schon im 17. Zug, aber hier fängt erst die Theorie der
Variante an! Keine Besonderheit für das moderne Schach.} Rhd8 (17... b4 $6 {
Mastrovasilis - Akobian (Dresden, 2008)} 18. cxb4 $1 {Den Bauer bekommt
Schwarz in naher Zukunft nicht zurück.} Qc2+ 19. Bd2 Rxa1 20. Rxa1 Rd8 21. Rc1
$14) (17... Qc6 18. Rhd1 Rxa1 19. Rxa1 b4 20. Rd1 (20. cxb4 Qb5+ $11) 20... Rd8
21. Qh4 Be7 22. Qf4+ Kg8 23. Rxd8+ Bxd8 24. Qxb4 Qxg2 25. Qb5 $14 {Dominguez
Perez - Meier (Havana, 2009)}) 18. Rxa8 Rxa8 19. Rd1 Ra6 (19... Be7 $5 {
Nun muss Weiß sehr genau spielen, um den kleinen Vorteil zu bewahren.} 20. Qe4
$1 Ra2 21. Qb1 $1 (21. Rd2 Qxh2 22. Qf3+ Kg8 23. Qxb7 Qh5+ 24. f3 Bf8 $11)
21... Qc4+ 22. Kf3 Ra4 23. h3 $14 {Die weißen Chancen sind etwas besser, aber
mit korrektem Spiel wird Schwarz das Remis halten können.}) 20. Qe4 $1 $146 {
Eine sehr unangenehme Neuerung. Die weiße Dame steht im Zentrum am besten,
weil sie gleichzeitig h7, e6 und b7 angreift. Schwarz ist gezwungen, den
Damentausch zu unternehmen.} (20. b3 Be7 21. Qg4 Qxc3 22. Qh5+ Kf8 23. Qxh7
Qxb3 24. Qh8+ Kf7 25. Qh5+ Kg8 26. Rd8+ Bxd8 27. Qe8+ Kh7 {1/2-1/2 Vachier
Lagrave - Grachev (Dagomys, 2009)}) 20... Qc4+ 21. Kf3 Qxe4+ 22. Kxe4 $14 {
Nun hat sich der weiße König aktiviert. Mit dem besseren Bauernstruktur und
aktiveren Figuren steht Weiß deutlich besser.} Rc6 23. h3 $6 {Der Zug selbst
ist nicht schlecht, allerdings weist er darauf hin, dass Weiß den richtigen
Plan noch nicht entdeckt hat.} ({Viel stärker wäre} 23. Rd3 $1 {mit der Idee
b3 zu spielen, dann den Läufer nach d4 zu stellen, und anzufangen, die Bauern
am Königsflügel aufzurollen.} Rc4+ (23... Kf6 24. f4 Rc4+ 25. Bd4+ e5 $2 26.
fxe5+ Bxe5 27. b3 $18) 24. Bd4 h6 (24... b4 $2 25. b3 Rc6 26. c4 $16) (24... e5
$2 25. b3 $16) (24... Be7 25. b3 Rc6 26. Rh3 h6 27. Rh5 $16) 25. b3 Rc6 26. f4
$14) 23... Rc4+ 24. Rd4 ({Wiederum wäre} 24. Bd4 {die bessere Wahl gewesen.} {
Falls Schwarz nun} e5 $6 {spielen würde, so käme Weiß zum Vorteil nach} 25. b3
Rc8 (25... Rc6 26. Ba7 Ke6 27. Rd5 Rxc3 28. Rxb5 $16) 26. Ba7 Ke6 27. Rd5 Rxc3
28. Rxb5 $16) 24... h5 $4 {Wir sind am kritischen Moment der Partie angekommen.
} ({Das Endspiel nach} 24... Rxd4+ 25. cxd4 $16 {ist sehr schwer zu halten.}) (
{Schwarz sollte den Turm zurückziehen. Weiß steht klar besser und verfügt über
gute Gewinnchancen.} 24... Rc6 25. Rd3 $14) 25. Kd3 $4 {Mit dem letzten Zug
hat Grachev die Partie und sehr gut möglich den Turniersieg aeigestellt, doch
habe ich das leider erst nach der Partie gesehen. Weiß gewann leicht nach 25.
Rxc4!} (25. Rxc4 bxc4 26. Bb6 $1 $18 {Schwarz ist gegen den Manöver 27.
Kd4-Kxc4 hilflos und das entstehende Läuferendspiel mit dem entfernten
Freibauer, der gleichzeitig ein Mehrbauer ist, war natürlich verloren. Schade!}
) 25... Rc6 26. Re4 {Weiß will den Läufer nach d4 stellen, doch er kommt zu
spät, seine Figuren haben die Harmonie verloren.} e5 $1 $11 {Die Stellung ist
ausgeglichen. Schwarz hat einen Raumvorteil bekommen und dadurch die Schwäche
seiner Bauernstruktur kompensiert.} 27. g4 (27. f3 Kf6 28. Bf2 Ra6 29. Bg3 Ra1
$11) 27... g6 28. Bg5 hxg4 29. Rxg4 Rc8 $1 (29... Ke6 $6 30. Bd8 $1 Kd7 31. Bh4
$14) 30. Rh4 Ke6 31. Rh7 Kf5 32. Be3 Rc7 33. Rxc7 1/2-1/2

[Event "Amsterdam NH Hotels 5th"]
[Site "Amsterdam"]
[Date "2010.08.16"]
[Round "5"]
[White "Caruana, Fabiano"]
[Black "Ljubojevic, Ljubomir"]
[Result "1/2-1/2"]
[WhiteElo "2697"]
[BlackElo "2572"]
[Annotator "Kritz,L"]
[PlyCount "83"]
[EventDate "2010.08.12"]
[EventType "schev"]
[EventRounds "10"]
[EventCountry "NED"]
[SourceTitle "CBM 138"]
[Source "ChessBase"]
[SourceDate "2010.09.17"]
[SourceVersion "1"]
[SourceVersionDate "2010.09.17"]
[SourceQuality "1"]

1. e4 e6 2. d4 d5 3. Nc3 dxe4 {Die Rubinstein-Variante ist eine sehr solide
Verteidigung gegen 1.e4.} 4. Nxe4 Nd7 5. Nf3 (5. Bd3 Ngf6 6. Qe2 $5 {stellt
Schwarz eine Falle.} c5 (6... Nxe4 7. Bxe4 Nf6 $2 8. Bxb7 Bxb7 9. Qb5+ $18) 7.
Nxf6+ Nxf6 8. dxc5 Bxc5 9. Bd2 O-O 10. O-O-O {Diese Stellung galt lange Zeit
als sehr gut für Weiß, bis Schwarz auf die Idee kam, seinen Zentrumsbauern zu
opfern:} e5 $1 11. Nf3 e4 12. Bxe4 Qe7 13. Rhe1 Qe6 14. Kb1 Nxe4 15. Qxe4 Bxf2
16. Re2 Qxe4 17. Rxe4 Rd8 $15 {Baramidze - Schlosser (Austria, 2006). Schwarz
steht sogar besser.}) ({Nichts bringt auch die Entwicklung des Läufers auf die
lange Diagonale:} 5. g3 Ngf6 6. Nxf6+ Nxf6 7. Bg2 e5 8. Qe2 (8. dxe5 Qxd1+ 9.
Kxd1 Ng4 $15) 8... Qxd4 9. Nf3 Qd5 (9... Qe4 10. Qxe4 Nxe4 11. Nxe5 Nc5 12. Be3
f6 13. Nc4 Be6 14. Na5 O-O-O $11 {Svidler - Bareev (Monte Carlo, 2005)}) 10.
O-O Bd6 11. Re1 Bg4 12. h3 Bxf3 13. Bxf3 e4 14. Bxe4 Nxe4 15. Qxe4+ Qxe4 16.
Rxe4+ Kd7 $11 {Svidler - Anand (Monte Carlo, 2005)}) 5... Ngf6 6. Nxf6+ (6. Bd3
c5 (6... Nxe4 7. Bxe4 Nf6 8. Bg5 Qd6 9. Bxf6 gxf6 10. c3 $14 {Dank dem
Entwicklungsvorsprung und der besseren Bauernstruktur steht Weiß doch etwas
besser.}) 7. O-O cxd4 (7... Nxe4 8. Bxe4 Nf6 9. Bg5 cxd4 10. Nxd4 Be7 11. Bf3
O-O 12. Re1 (12. c4 a6 13. Bf4 Qb6 14. Nb3 Bd7 15. Qd4 Qxd4 16. Nxd4 Ra7 17.
Bc7 Bc5 18. Nb3 Rc8 19. Be5 Bb6 20. c5 Bc7 21. Bxc7 Rxc7 22. Rac1 a5 $11 {
Svidler - Bareev (Monte Carlo, 2004)}) 12... a6 13. c3 Qc7 14. Bh4 (14. g3 Nd5
15. Bxe7 Nxe7 16. Qe2 Bd7 17. Qe5 Rac8 18. Rad1 Qxe5 19. Rxe5 Rc7 $11 {
Zhigalko - Drozdovskij (Warsaw, 2006)}) 14... Bd6 15. Bxf6 gxf6 16. g3 Rd8 17.
Bg2 Bf8 18. Qh5 Bg7 19. Rad1 Qb6 (19... Bd7 20. Nf5 $3 Bc6 (20... exf5 21. Re7
$18) 21. Bxc6 bxc6 22. Nxg7 Kxg7 23. Rxd8 Rxd8 24. Re4 $16) 20. Nb3 Re8 21. c4
Qc7 22. Qa5 $1 $14 {Shirov - Anand (Wijk aan Zee, 2001)}) 8. Nxd4 Nxe4 (8...
Be7 9. Re1 O-O 10. c3 a6 11. Qf3 $1 (11. Ng5 Nc5 12. Bc2 h6 13. Ngf3 Qc7 14.
Ne5 Bd6 15. Qe2 b5 16. h3 Bb7 $11 {Alekseev - Tratar (Crete, 2007). Das größte
Problem von Schwarz im Rubinstein ist die Entwicklung des Läufers c8. Wenn der
Läufer rauskommt, steht Schwarz zumindest nicht schlechter.}) 11... Nd5 12. Qg3
Qc7 13. Qxc7 Nxc7 14. Bg5 Bxg5 15. Nxg5 Nf6 16. Ne4 Ncd5 17. c4 Nxe4 18. Bxe4
Nf6 19. Bf3 $14 {Kritz - Tratar (Plovdiv, 2008). Der weiße Vorteil ist sehr
klein, man muss solche Stellungen sehr dynamisch und energisch spielen, um den
vollen Punkt zu erzielen.}) 9. Bxe4 Nf6 10. Bf3 Be7 (10... Bc5 11. Be3 Bb6 12.
c4 e5 13. Nb5 Bxe3 14. fxe3 Qxd1 15. Rfxd1 Ke7 16. Nd6 Rb8 17. c5 Rd8 18. Rac1
$1 $14 (18. b4 b6 19. Nb5 bxc5 20. Nxa7 Bd7 $1 21. bxc5 e4 22. c6 Ra8 23. c7
Re8 24. c8=Q Bxc8 25. Nc6+ Kf8 26. Be2 Ra3 $15 {Shirov - Bareev (Monaco, 2002)}
)) 11. Bf4 $14 {Alekseev - Mamedyarov (Moskau, 2008)}) (6. Bg5 h6 7. Nxf6+ (7.
Bxf6 Nxf6 8. Bd3 Nxe4 9. Bxe4 c5 10. c3 cxd4 11. Qa4+ Qd7 12. Qc4 Bd6 13. Qxd4
O-O 14. O-O-O Bf4+ 15. Kb1 Qxd4 16. Nxd4 a6 $11 {Polgar - Bareev (Enghien les
Bains, 2003). Weiß hat eine symbolische Initiative, kann allerdings nicht
richtig was angreifen.}) 7... Nxf6 8. Be3 (8. Bxf6 Qxf6 9. Bb5+ c6 10. Bd3 Bd6
11. Qe2 Bd7 12. O-O-O O-O-O 13. Kb1 Kb8 14. Rhe1 Bc8 $11 {Schwarz steht etwas
passiv, hat aber keine einzige Schwäche, die Weiß effektiv angreifen könnte.})
8... Nd5 9. Qd2 Bd6 10. O-O-O Qe7 11. Ne5 Bd7 $132 {Schwarz hat keine
Schwierigkeiten.} 12. f4 Bxe5 13. dxe5 Nxe3 14. Qxe3 Bc6 $11 {und wieder
erreicht Schwarz völligen Ausgleich.}) 6... Nxf6 7. Bd3 (7. c3 {Meiner Meinung
nach ist das die prinzipiellste Fortsetzung.}) 7... c5 8. Be3 (8. dxc5 Bxc5 9.
O-O (9. Qe2 O-O 10. Bg5 h6 11. Bh4 Qa5+ 12. c3 Nd5 $132) 9... O-O 10. Bg5 b6
11. Qe2 Bb7 12. Rad1 Qc7 13. Bxf6 gxf6 14. Be4 Rfd8 $11 {Zwar hat Weiß die
etwas bessere Bauernstruktur, es ist trotzdem zu wenig, um einen spürbaren
Vorteil zu erreichen.} 15. Bxb7 Qxb7 16. c3 {Weiß hat einen symbolischen
Vorteil, den er jedoch konkret nicht umsetzen kann.} Qc7 17. g3 Rxd1 18. Rxd1
Rd8 $11 {Anand - Gelfand (Monte Carlo, 2007)}) 8... Nd5 {Sehr mutig, aber
vielleicht doch spielbar. Sicherere Fortsetzungen sind:} (8... Qc7 9. O-O c4
10. Be2 Bd6 11. Ne5 O-O 12. h3 c3 13. bxc3 Nd5 14. Qd3 Qxc3 15. Qxc3 Nxc3 $11 {
Volokitin - Akopian (Beer Sheva, 2005)}) (8... Bd7 9. dxc5 Qc7 10. b4 b6 11. c4
bxc5 12. b5 Be7 13. O-O O-O 14. Bg5 Rad8 $132 {Anand - Milov (Bastia, 2005)})
9. Ne5 (9. Qe2 Be7 10. O-O-O O-O 11. Bd2 Qc7 12. dxc5 Qxc5 {Weiß hat viel Zeit
verloren und nichts erreicht:} 13. h4 Nb4 14. Bxb4 Qxb4 15. c3 Qf4+ $11 {
Leko - Van Wely (Monte Carlo, 2007)}) 9... Nxe3 $146 (9... Bd6 10. Qh5 Qc7 11.
Bb5+ Kf8 {Mit dem König im Zentrum hat Schwarz wenig Freude an dieser Stellung.
} 12. O-O-O $16 {Kamsky - Akobian (Saint Louis, 2009)}) (9... a6 $6 {Das sieht
doch sehr langsam aus.} 10. O-O cxd4 11. Bxd4 Nf4 12. Re1 Nxd3 13. Qxd3 Be7 14.
Rad1 $36 {Istratescu - Vernay (Caleta, 2010)}) 10. fxe3 (10. Bb5+ $2 Ke7 $1 11.
Qh5 (11. fxe3 Qa5+ 12. c3 Qxb5 13. Qf3 f6 $19) 11... Qa5+ 12. c3 Nxg2+ 13. Kd2
Qxb5 14. Qxf7+ Kd8 $19) 10... Qa5+ (10... Bd6 11. O-O Bxe5 (11... O-O 12. Bxh7+
Kxh7 13. Qh5+ Kg8 14. Nxf7 $18) 12. dxe5 O-O 13. Qh5 g6 14. Qh6 Qc7 15. Qg5 $16
) 11. c3 cxd4 12. exd4 Bd6 13. Nc4 Qc7 14. Qh5 h6 ({Schlecht ist} 14... Bd7 15.
O-O {weil Schwarz nun zu ...g6 gezwungen wird.} g6 $8 16. Nxd6+ Qxd6 17. Qh6
$16) 15. O-O {Weiß behält den Vorteil, doch er konnte mehr erreichen.} (15.
Qb5+ $1 Bd7 16. Qxb7 $1 Rb8 17. Qxc7 Bxc7 18. O-O $16 {Ein gesunder Mehrbauer,
Schwarz hat keine Kompensation.}) 15... O-O 16. Nxd6 ({Die gleiche Idee wie in
der Partie, nur ohne den Abtausch funktioniert überhaupt nicht:} 16. Rae1 Bd7
17. Rf6 $2 Bxh2+ $1 18. Kh1 (18. Qxh2 Qxh2+ 19. Kxh2 gxf6 $19) 18... Bf4 $19)
16... Qxd6 17. Rae1 Bd7 {Statisch gesehen, hat Weiß überhaupt nicht viel, er
muss also dynamisch agieren. Wie man leicht sehen kann, basiert sein Spiel auf
dem Angriff gegen den schwarzen König.} 18. Rf6 $3 {Der Turm ist tabu.} Qe7 (
18... gxf6 19. Qxh6 f5 20. Qg5+ Kh8 21. Re3 $18) 19. Ref1 ({Das sofortige
Opfer bringt nur Zugwiederholung.} 19. Rxh6 gxh6 20. Re3 f5 21. Rg3+ Kh8 22.
Qxh6+ Qh7 23. Qe3 Qe7 $11 {Mit der Idee Rf7-Rh7, Weiß muss also remisieren.})
19... e5 {Um zu verstehen, warum Schwarz diesen Zug spielt, muss man sich
fragen, ob es eine Drohung gibt. Tatsaechlich, es gibt eine.} (19... gxf6 $2
20. Qxh6 f5 21. Rf3 $18) (19... Bc6 20. R1f4 $1 {und nun hilft nichts mehr.}
Rad8 $2 (20... e5 21. Rxh6 gxh6 22. Rg4+ $18) (20... Qxf6 21. Rxf6 gxf6 22.
Qxh6 f5 23. g4 $1 $18) 21. Rxh6 gxh6 22. Rg4+ Kh8 23. Qxh6#) 20. dxe5 $2 {
Obwohl die weiße Stellung gewonnen bleibt, war 20.Bc4 stärker.} (20. Bc4 Be6 (
20... gxf6 21. Qg6+ Kh8 22. Qxh6+ Kg8 23. Rf3 Bg4 24. Qg6+ Kh8 25. Qxg4 $18)
21. Bxe6 fxe6 22. Rxf8+ Rxf8 23. Rxf8+ Kxf8 24. Qxe5 $18 {Das Endspiel ist
technisch gewonnen, ziemlich leicht sogar, weil die weiße Bauernstruktur viel
besser ist und der schwarze König ebenfalls schwach ist.}) 20... Rae8 21. Rd6 (
{Nun funktioniert es nicht mehr:} 21. Bc4 $4 Qc5+ $19) 21... Be6 22. Rf4 Rc8 (
22... Bxa2 $2 23. Rxh6 Qc5+ 24. Kh1 $18) 23. Qf3 Rfd8 (23... Bxa2 24. Qe4 g6
25. c4 $1 $18 {Mit dem Läufer im Abseits und mit allen weißen Figuren gegen
den König gerichtet hat Schwarz keine Chance.}) 24. Rfd4 Re8 (24... Bxa2 $2 25.
Qxb7 $1 Re8 26. Qxe7 Rxe7 27. Rd8+ Re8 28. Rxc8 Rxc8 29. Ra4 $18) 25. Qe4 g6 {
Die schwarze Stellung ist chancenlos.} 26. Bb5 Bf5 (26... Red8 27. Qf4 h5 28.
a4 $18) 27. Qf4 Rf8 (27... Qxe5 28. Bxe8 $18) 28. Bd7 Bxd7 29. Rxd7 Qe6 {
Soweit hat Weiß super stark gespielt und alle besten Zuege gemacht. Jetzt wäre
es Zeit, um den Punkt einfach, ohne Komplikationen nach Hause zu bringen. Am
einfachsten wäre 30.Rxb7. Stattdessen fängt Weiß ein Abenteuer an, das sich am
Ende nicht auszahlt.} 30. R4d6 $2 (30. Rxb7 Qxa2 31. h4 h5 32. Rdd7 $18) 30...
Qxa2 31. e6 (31. Rxb7 Rb8 32. Rdd7 Rxb7 33. Rxb7 Qb1+ 34. Kf2 a5 $16 {Weiß
steht immer noch besser, doch es ist nicht mehr so einfach.}) 31... Qb1+ 32.
Rd1 Qxb2 33. Kh1 {Irgendwo muss Caruana sich verrechnet haben, denn solche
Züge kommen nicht vom guten Leben.} (33. exf7+ Kh7 34. h4 Qxc3 $13 {Es ist
nicht zu sehen, wie Weiß forciert durchbrechen kann.}) (33. Rxf7 $2 Qb6+ 34.
Kh1 Qxe6 $17) 33... Qe2 $1 {Am wichtigsten ist, dass Weiß nicht mit dem Turm
auf f7 nimmt.} 34. exf7+ Kh7 $11 {Diese Stellung ist schon überhaupt nicht
besser - der schwarze König fühlt sich sehr sicher hinter dem f7-Bauern.} 35.
Qd6 Qc4 36. Rxb7 (36. Qe7 Qxc3 37. Rxb7 a5 $11) 36... Rxf7 37. Rxf7+ Qxf7 {
Dem Remis ist nicht mehr auszuweichen. Im schlimmsten Fall kann Schwarz
einfach Rc7 spielen - Weiß wird keine einzige Drohung haben.} 38. Qe5 Qg7 39.
Qxg7+ Kxg7 40. Rd7+ Kf6 41. Rxa7 Rxc3 42. h3 1/2-1/2